000 00488nam a22001817a 4500
003 LK-CoMWRAF
005 20231213173842.0
008 231213b2004 |||||||| |||| 00| 0 eng d
020 _a8172235607
040 _aLK-CoMWRAF
_dLK-CoMWRAF
_eLK-CoMWRAF
041 _aeng
082 _a423
_bCOL
245 _aCollins paperback dictionary
260 _aNew Delhi:
_bHarperCollins publishers,
_c2004
300 _aiv, 986 p. ; 21 cm
650 _aEnglish language- Dictionaries
942 _cREF
999 _c4423
_d4423